| 000 | 00604nam a2200205 a 4500 | ||
|---|---|---|---|
| 005 | 20210223124935.0 | ||
| 008 | 030514s2005 mx r 000 0 spa d | ||
| 020 | _a8496473392 | ||
| 035 | _aUPN01000124154 | ||
| 049 | _aI | ||
| 050 | 4 |
_aPZ74.9 _bF7.2 |
|
| 100 | 1 | _aFranco, Mercedes | |
| 245 | 1 | 0 |
_aAnnie Bonny la pirata / _cMercedes Franco ; il de. Elisa Riera. |
| 260 |
_aBarcelona, Esp. : _bThule, _c2005. |
||
| 300 |
_a[30] p. : _bprincipalmente il. col. |
||
| 650 | 4 |
_aPIRATAS - _vLITERATURA INFANTIL _97727 |
|
| 650 | 4 |
_aCUENTOS DE MAR _98752 |
|
| 700 | 1 |
_aRiera, Elisa, _eil. |
|
| 905 | _aInfantil | ||
| 999 |
_c96333 _d96333 |
||